Datum a čas kvízu

32 Celkem bodů Celkový počet nahraných bodů na tomto kvízu bez doplňovacích otázek.
8. Pořadí na kvízu Konečné umístění týmu na tomto kvízu.

Zaznamenané odpovědi

# Otázka Odpověď Body Výsledky
1. V soutěži Masterchef jsou nyní... Přemek Forejt, Radek Kašpárek, Jan Punčochář 1
2. Která z těchto stran či volebn... B 0
3. Představte si modelovou situac... 1B 2C 3A 4D 1
4. Od kterého data by mělo začít... 1. 1. 2020 1
5. V posledních letech zažívají v... NES 0
6. Nástupce Hubbleova vesmírného... James Webb 0
7. Řádů ptáků existuje mnoho. Nap... šplhavci 1
8. Pokud spojíte zkratky druhého... Felixe 1
9. Přiřaďte fyziky k jednotkám po... 1C 2A 3D 4B 1
10. Kterému rodu dřevin patří lati... javor 1